000 00392 a2200157 4500
020 _a9781608453757
082 _a005.8
090 _c7094
_d7094
100 _aFerrari, Elena
245 _a Access control in data management systems
_cElena Ferrari
260 _bM&C Publishing
_c2010
300 _a103 p.
650 _aData protection
700 _aElena Ferrari
942 _cBK
_k005.8 FER
999 _c10899
_d10899